00551nam a2200157Ia 4500003000900000008004100009040001600050080001700066100002500083245010100108260004800209300001500257650004100272650004000313650004000353IN-BaIIA211028s9999 xx 000 0 eng d cIIA Library a81.53bSTR-5 aStrutt, John William 0aScientific papersbvol. 6, 1911-1919cJohn William Strutt  aCambridgebCambridge University Pressc1920 axvi, 718p. aAstronomy and Astrophysics thesaurus aCollected works-John William Strutt aJohn William Strutt collected works